000
00288 a2200145 4500
001
65726
020
_a
9788516094744
040
_c
Anchieta - Pituba
240
1
0
_a
Matematica 6
_l
por
245
1
0
_a
Matematica 6
300
_a
411
362
0
_a
2014
650
4
_a
Matemática
942
_c
BK
999
_c
65726
_d
65726